| 000 | 00411nam a2200133Ia 4500 | ||
|---|---|---|---|
| 005 | 20251222143314.0 | ||
| 008 | 251222s9999||||xx |||||||||||||| ||spa|| | ||
| 020 | _a978-603-45266-1-7 | ||
| 082 | _a370.14/R68/Ej.2 | ||
| 100 | _aRivas Herrera, Patricio | ||
| 245 | 0 | _aLa Lengua como Derecho Cultural y su Aplicación al Programa Educativo | |
| 264 | _bCultura, Patrimonio y Desarrollo Consultores | ||
| 942 | _cLIB | ||
| 999 |
_c15827 _d15827 |
||